000 00663nam a2200205 i 4500
001 39967
003 ES-MaACL
005 20250805063237.0
007 t|
008 030304s1956 sp ||||1| spa d
100 1 _aCarr, John Dickson,
_d1906-1977
_935468
245 1 3 _aEl crimen de las figuras de cera /
_cJohn Dickson Carr ; traducción de Estela Canto.
260 _aBarcelona :
_bE.D.H.A.S.A.,
_c[1956] (
_fVda. de Manuel Ponsa)
300 _a253 p. ;
_c18 cm.
490 1 _aEl séptimo círculo
700 1 _aCanto, Estela.
_934667
830 0 _aEl séptimo círculo
_9181830
852 _aES-MaACL
_jC-11087
_bR.39124
999 _c39967
_d39967